Every noob in Dummies vs. Noobs - Statistics

General Stats
  • This quiz has been taken 68 times
  • The average score is 24 of 31
Answer Stats
Type Noob % Correct
Basic Noob Infantry
97%
Engineer Build Teleporter
94%
Epilogue Noob Medic
91%
Basic Noob Shielder
91%
Basic Noob Cloaker
88%
Boss Noob Gaia
88%
Mechanical Unit APU
85%
Mechanical Unit Platform
85%
Mechanical Unit Tank
85%
Advanced Noob Engineer
82%
Boss Noob Hermes
82%
Basic Noob Saboteur
82%
Engineer Build Sentry
82%
Boss Noob Sparta
82%
Epilogue Noob Tranquilizer
82%
Boss Noob Trident
82%
Advanced Noob Gunner
79%
Boss Noob Tempest
79%
Boss Noob Ares
76%
Boss Noob Prometheus
76%
Advanced Noob Sniper
76%
Boss Noob Achilles
74%
Boss Noob Daedalus
74%
Boss Noob Fusilier
74%
Advanced Noob Grenadier
74%
Advanced Noob Jetpacker
74%
Mechanical Unit Ranger
71%
Epilogue Noob Administrator
62%
Boss Noob Mastermind
62%
Boss Noob London Prime
56%
Boss Noob Chassis
47%
No matching quizzes found
Score Distribution
Percent of People with Each Score
Percentile by Number Answered
Your Score History
You have not taken this quiz